| Поле | Инд. | ПП | Название | Значение |
|---|---|---|---|---|
| Тип записи | a | |||
| Библиографический уровень | m | |||
| 001 | Контрольный номер | c31b42cf605e47d1b93147e0c525ce00 | ||
| 005 | Дата корректировки | 20260413103609.7 | ||
| 008 | Кодируемые данные | 20160816 | ||
| 017 | a | Номер регистрации авт. права | Акт приемки-передачи 17/2019, 17/2019/1 от 20.05.2019 | |
| 020 | a | ISBN | 978-5-89847-577-2 | |
| 040 | b | Код языка каталог. | rus | |
| e | Правила каталог. | PSBO | ||
| 041 | 0_ | a | Код языка текста | rus |
| 084 | a | Индекс другой классификации/Индекс ББК | 16.33я73; 32.81я73; 16.2я73 | |
| 090 | a | Полочн. индекс | 16.33я73 испр. | |
| x | Авторский знак | К 793 | ||
| 100 | 1_ | a | Автор | Крейдер О. А. |
| q | Полное имя | Крейдер Оксана Александровна | ||
| 100 | 1_ | a | Автор | Русакова Е. А. |
| q | Полное имя | Русакова Елена Александровна | ||
| 245 | 10 | a | Заглавие | Информационные системы и технологии |
| b | Продолж. заглавия | учебное пособие | ||
| c | Ответственность | редактор Ю. С. Цепилова; рецензенты Е. Н. Черемисина, Ю. А. Крюков; Министерство образования Московской области; Государственный университет "Дубна". Институт системного анализа и управления. Кафедра системного анализа и управления | ||
| 260 | a | Место издания | Дубна | |
| b | Издательство | Государственный университет "Дубна" | ||
| c | Дата издания | 2019 | ||
| 300 | a | Объем | 64 с. | |
| 336 | a | Термин вида содержания | Текст | |
| 337 | a | Термин типа средства | непосредственный + электронный | |
| 504 | a | Библиография | Библиогр. список: с. 61 | |
| 521 | 0_ | a | Примеч. о целев. назн. | бакалавриат |
| b | Специальность | Информатика и вычислительная техника | ||
| b | Специальность | Программная инженерия | ||
| b | Специальность | Фундаментальная информатика и информационные технологии | ||
| b | Специальность | Информационные системы и технологии | ||
| b | Специальность | Прикладная информатика | ||
| b | Специальность | Бизнес-информатика | ||
| 521 | 0_ | b | Специальность | Прикладная математика и информатика |
| 521 | 0_ | b | Специальность | Автоматизация технологических процессов и производств |
| 550 | a | Факультет/Кафедра/Подразделение | Институт системного анализа и управления | |
| 550 | a | Факультет/Кафедра/Подразделение | Кафедра системного анализа и управления | |
| 650 | 14 | a | Основная рубрика | информатика |
| a | Основная рубрика | информационные системы | ||
| a | Основная рубрика | информационные технологии | ||
| 653 | 1_ | a | Ключевые слова | информация |
| 655 | 07 | a | Жанр/ форма (устаревшее) | учебное пособие |
| 700 | 1_ | a | Автор | Черемисина Е. Н. |
| e | Роль лиц | рецензент | ||
| 700 | 1_ | a | Автор | Крюков Ю. А. |
| e | Роль лиц | рецензент | ||
| 700 | 1_ | a | Автор | Цепилова Ю. С. |
| e | Роль лиц | редактор | ||
| 720 | a | Наименование подборки | СЭБ1 | |
| e | Признак/вид подборки | Тематические подборки | ||
| 856 | 40 | u | URL | https://lib.uni-dubna.ru/MegaPRO/UserEntry?Action=FindDocs&ids=172679&idb=ec_110 |
| a | Имя сервера/домена | Библиотечная система Университета "Дубна" | ||
| d | Путь | http://lib.uni-dubna.ru/MegaPRO/Web | ||
| i | Указания/сценарий входа | Доступ по номеру читательского билета и фамилии читателя | ||
| y | Справочный текст | Электронная версия | ||
| 856 | 40 | a | Имя сервера/домена | ЭБС "Лань" |
| d | Путь | http://e.lanbook.com/ | ||
| i | Указания/сценарий входа | Доступ по логину и паролю | ||
| u | URL | https://e.lanbook.com/book/154486 | ||
| v | Время доступа к ресурсу | 10.04.2027 | ||
| y | Справочный текст | Электронная версия | ||
| 900 | a | Имя электронного ресурса | akt_17_2019_1_Rusakova | |
| 900 | a | Имя электронного ресурса | akt_17_2019_Kreyder | |
| 900 | a | Имя электронного ресурса | Крейдер_Инф.сист.и.технолог | |
| x | Справочная информация | Полный текст | ||
| 900 | a | Имя электронного ресурса | Крейдер_Информ.сист.и.техн | |
| x | Справочная информация | Обложка | ||
| 901 | t | Тип документа | m | |
| 952 | a | Тип литературы для КСУ ВШ | УИ | |
| 954 | a | Гриф | 4.50.10 |